| 000 | 00990cam a2200289 4500 | ||
|---|---|---|---|
| 001 | 4168305 | ||
| 003 | ARRUPE | ||
| 005 | 20150520135320.0 | ||
| 008 | 700312s1969 enkaf b 101 0 eng | ||
| 010 | _a 78446143 | ||
| 015 | _aB69-23979 | ||
| 020 | _a0090983203 | ||
| 040 |
_aDLC _cDLC _dDLC _dICU _dDLC |
||
| 050 | 0 | 0 |
_aQH331 _b.A37 1968 |
| 082 | 0 | 0 | _a577 |
| 111 | 2 |
_aAlpbach Symposium _d(1968) _916606 |
|
| 245 | 1 | 0 |
_aBeyond reductionism: new perspectives in the life sciences: _b[proceedings of] the Alpbach Symposium 1968; _cedited by Arthur Koestler & J. R. Smythies. |
| 260 |
_aBoston, _bBeacon Press, _c1969. |
||
| 300 |
_ax, 438 p. _b10 plates, illus. _c24 cm. |
||
| 350 | _a70/- | ||
| 504 | _aIncludes bibliographies. | ||
| 650 | 0 |
_aBiology _xPhilosophy. _914175 |
|
| 700 | 1 |
_aKoestler, Arthur, _d1905-1983, _eed. _916607 |
|
| 700 | 1 |
_aSmythies, John R. _q(John Raymond), _d1922- _916608 _eed. |
|
| 906 |
_a7 _bcbc _corignew _du _encip _f19 _gy-gencatlg |
||
| 942 |
_2lcc _cMONOGRAPH |
||
| 999 |
_c122508 _d122508 |
||